[Event "RUS-ch Women Rapid 2019"]
[Site "Sochi"]
[Date "2019.10.16"]
[Round "6.7"]
[White "Semenova, Elena"]
[Black "Charochkina, Daria"]
[Result "0-1"]
[WhiteElo "2282"]
[BlackElo "2289"]
[Annotator "NA"]
[PlyCount "96"]
[EventDate "2019.10.15"]
[EventType "swiss"]
[EventCountry "RUS"]
[SourceTitle "playchess.com"]
[Source "ChessBase"]
[SourceQuality "1"]
[TimeControl "900+10"]

1. e4 {[%emt 0:00:00]} d5 {[%emt 0:00:00]} 2. exd5 {[%emt 0:00:00]} Qxd5 {[%emt 0:00:00]} 3. Nc3 {[%emt 0:00:00]} Qd6 {[%emt 0:00:00]} 4. d4 {[%emt 0:00:00]} Nf6 {[%emt 0:00:00]} 5. Nf3 {[%emt 0:00:03]} g6 $14 {[%emt 0:00:00]} 6. Be2 {[%emt 0:00:07]} Bg7 {[%emt 0:00:02]} 7. O-O {[%emt 0:00:12]} O-O {[%emt 0:00:02]} 8. h3 {[%emt 0:00:18]} a6 {[%emt 0:00:02]} 9. Re1 {[%emt 0:00:14]} b5 {[%emt 0:00:03]} 10. Ne5 {[%emt 0:01:28]} Rd8 {[%emt 0:05:54]} 11. Bf3 {[%emt 0:00:41]} Ra7 {[%emt 0:00:07]} 12. Bf4 {[%emt 0:00:37]} Qb6 {[%emt 0:00:22]} 13. Qe2 {[%emt 0:00:44]} e6 {[%emt 0:03:05]} 14. a4 {[%emt 0:01:09]} c6 {[%emt 0:01:29]} 15. axb5 {[%emt 0:03:34]} cxb5 {[%emt 0:00:10]} 16. Be3 {[%emt 0:02:20]} Nd5 {[%emt 0:00:07]} 17. Nxd5 {[%emt 0:01:45]} exd5 {[%emt 0:00:03]} 18. Bd2 {[%emt 0:00:08]} a5 {[%emt 0:01:12]} 19. Nd3 {[%emt 0:01:04]} Bxd4 {[%emt 0:02:11]} 20. c3 {[%emt 0:01:16]} Bf6 {[%emt 0:00:51]} 21. Bh6 {[%emt 0:00:12]} Be6 {[%emt 0:00:14]} 22. Nf4 {[%emt 0:00:24]} Re7 {[%emt 0:00:08]} 23. Qc2 {[%emt 0:00:51]} Na6 {[%emt 0:01:23]} 24. Ne2 {[%emt 0:00:44]} Bf5 {[%emt 0:00:12]} 25. Qd2 {[%emt 0:00:14]} Be4 {[%emt 0:00:12]} 26. Nd4 {[%emt 0:00:21]} Nc5 {[%emt 0:00:08]} 27. Qf4 {[%emt 0:00:11]} Nd3 {[%emt 0:00:10]} 28. Qg3 {[%emt 0:00:11]} Nxe1 {[%emt 0:00:10]} 29. Rxe1 {[%emt 0:00:01]} Bxf3 {[%emt 0:00:08]} 30. Rxe7 {[%emt 0:00:05]} Bxe7 {[%emt 0:00:01]} 31. Qxf3 {[%emt 0:00:06]} Bf6 {[%emt 0:00:33]} 32. Nxb5 {[%emt 0:00:08]} Bg7 {[%emt 0:00:16]} 33. Bxg7 {[%emt 0:00:17]} Kxg7 {[%emt 0:00:02]} 34. Nd4 {[%emt 0:00:01]} Qxb2 35. Qg3 Qb1+ {[%emt 0:00:37]} 36. Kh2 {[%emt 0:00:02]} Qb8 {[%emt 0:00:25]} 37. f4 {[%emt 0:00:00]} Re8 {[%emt 0:00:17]} 38. Nf5+ {[%emt 0:00:06]} Kf8 {[%emt 0:00:01]} 39. Ne3 {[%emt 0:00:46]} Qd6 {[%emt 0:00:01]} 40. Qf3 {[%emt 0:00:26]} Re4 {[%emt 0:00:02]} 41. g3 a4 42. c4 {[%emt 0:00:24]} Qe6 {[%emt 0:00:34]} 43. Nxd5 {[%emt 0:00:31]} Re2+ {[%emt 0:00:02]} 44. Kg1 {[%emt 0:00:05]} Ra2 {[%emt 0:00:04]} 45. Qc3 {[%emt 0:00:09]} f6 {[%emt 0:00:29]} 46. Qb4+ {[%emt 0:00:20]} Kg7 {[%emt 0:00:02]} 47. Qb7+ {[%emt 0:00:14]} Kh6 {[%emt 0:00:01]} 48. Qb1 {[%emt 0:00:04]} Qe2 {[%emt 0:00:13]} 0-1

[Event "RUS-ch Women Rapid 2019"]
[Site "Sochi"]
[Date "2019.10.16"]
[Round "6.8"]
[White "Borisova, Ekaterina"]
[Black "Bivol, Alina"]
[Result "0-1"]
[WhiteElo "2347"]
[BlackElo "2283"]
[Annotator "TA"]
[PlyCount "126"]
[EventDate "2019.10.15"]
[EventType "swiss"]
[EventCountry "RUS"]
[SourceTitle "playchess.com"]
[Source "ChessBase"]
[SourceQuality "1"]

{[%evp 22,128,35,27,36,10,43,34,35,48,72,67,90,81,125,120,140,145,139,66,72,32,39,34,40,58,35,31,31,40,32,12,15,19,41,37,81,80,81,81,80,91,90,80,115,115,120,113,127,120,183,183,149,164,146,137,240,108,83,40,38,28,177,169,256,261,247,259,377,262,262,262,262,255,2441,2462,1956,811,1914,241,227,231,231,124,107,0,0,0,8,0,0,-29988,-29989,-29989,-29990,-29991,0,-655,0,-29991,-29992,-29993,-29994,-29994,-29994,-29994,-29995,-29995,-29996]} 1. d4 Nf6 2. c4 g6 3. g3 Bg7 4. Bg2 O-O 5. Nf3 d6 6. Nc3 Nbd7 7. O-O e5 8. e4 exd4 9. Nxd4 Re8 10. h3 Nc5 11. Re1 Bd7 12. Kh2 a5 {E68: King's Indian: Fianchetto: 6...Nbd7 7 0-0 e5 8 e4} (12... h6 13. f4 a5 14. b3 h5 15. Bb2 a4 16. bxa4 Nxa4 17. Nxa4 Bxa4 18. Qd2 Nd7 19. Nb3 Bxb2 20. Qxb2 {0-1 (42) Erigaisi,A (2526)-Adhiban,B (2676) Xingtai 2019}) 13. Ndb5 Qc8 14. Bf4 Bxb5 $146 {White is slightly better.} ({Predecessor:} 14... h6 15. e5 dxe5 16. Bxe5 Ng4+ 17. hxg4 Bxe5 18. Qd5 Bxc3 19. Nxc3 Ne6 20. Ne4 Bc6 {1-0 (40) Baasansuren,E (2096)-Agibileg,U (2302) Ulaanbaatar 2018}) 15. cxb5 Nfd7 16. Qc2 Ne5 17. Rad1 Ne6 18. Bc1 c5 {With the idea ...Nd4.} 19. bxc6 $1 Nxc6 20. Nb5 (20. Be3 $16) 20... Ned4 21. Nxd4 Nxd4 22. Qd3 Qc2 23. Qxc2 Nxc2 24. Re2 Nd4 25. Red2 Rac8 26. b3 Nb5 27. Bb2 Bxb2 28. Rxb2 Kg7 29. a4 $36 {[%mdl 2048] Black is under strong pressure.} Nc3 {[%mdl 64] Double Attack} 30. Rxd6 Nxe4 31. Rb6 $1 Nc5 32. Rb5 Nd3 33. Rd2 Rc3 34. Rxb7 Nc5 {[#]} 35. Ra7 $1 Nxb3 {[#]} (35... Rf8 $16 {was worth a try.} 36. Bd5 Nxb3 37. Bxb3 Rxb3 38. Rxa5 Rc8) 36. Rdd7 $1 $18 {[%mdl 512]} Rf8 37. Bd5 Nc5 38. Re7 Kh6 (38... Nxa4 $16 39. Bxf7 Kf6 40. Re6+ Kf5) 39. Rxa5 (39. Bxf7 $18 {and White stays clearly on top. Strongly threatening h4.} Rc2 40. Kg1 (40. Rxa5 Rxf2+ 41. Kg1 Rc2 $11)) 39... Rc2 $16 40. Kg1 ({Worse is} 40. Rxf7 Rxf7 41. Bxf7 Nb7 $17) 40... Nd3 41. Be4 Rc1+ (41... Re2 $11 {and Black stays safe.}) 42. Kg2 $18 Ne1+ (42... Re1 $142) 43. Kh2 f5 44. Bg2 Nd3 (44... Rh8 {was called for.} 45. Rd5 Nxg2) 45. Raa7 Nxf2 46. Rxh7+ Kg5 47. h4+ Kf6 $2 (47... Kg4 48. Rhc7 Rxc7 49. Rxc7 Ne4) 48. Ra6+ Ke5 49. Re7+ Kd4 50. Rd7+ $2 (50. Rd6+ Kc5 51. Rc6+ Kd4 52. Rxc1) 50... Ke3 51. Re6+ ({Inferior is} 51. Rxg6 Ng4+ 52. Kh3 Nf2+ 53. Kh2 Ng4+ 54. Kh3 Nf2+ 55. Kh2 $11) 51... Ne4 52. Bxe4 (52. Rde7 $18) 52... fxe4 {[%mdl 4096] Endgame [#] KRR-KRR} 53. Rde7 (53. Rxg6 $6 Kf3 $11) ({White should try} 53. Rb7 $1 $16) 53... Rc4 $1 $11 54. a5 {And now a6 would win.} ({Don't play} 54. Rxg6 $6 Rxa4 55. Rb6 Kf3 $16) 54... g5 55. Kh3 {Black must now prevent h5.} Kf3 {( -> ...g4+)} 56. Rb6 $2 {[%mdl 8192]} (56. hxg5 $11 Rc1 57. Kh2 Rc2+ 58. Kh3) 56... g4+ 57. Kh2 Rc2+ 58. Kh1 Rc1+ (58... Kxg3 $142 59. Rb1 Rff2 60. Rb3+ Rf3 61. Rb1 Kh3 62. Rc7 Rxc7 63. Kg1 Rc2 64. h5 Rg2+ 65. Kh1 Rfg3 66. h6 Rh2#) 59. Kh2 $19 {Hoping for Rb3+.} Rc2+ (59... e3 $19 60. Rb2 Rf1) 60. Kh1 $1 {intending Rb3+.} Kxg3 {[%cal Rf8f1] Black mates.} 61. Rb3+ Rf3 62. Rxf3+ exf3 63. Re1 Rh2+ 0-1

[Event "RUS-ch Women Rapid 2019"]
[Site "Sochi"]
[Date "2019.10.16"]
[Round "6.9"]
[White "Utiatskaja, Irina"]
[Black "Gritsayeva, Oksana"]
[Result "1-0"]
[WhiteElo "2172"]
[BlackElo "2260"]
[Annotator "NA"]
[PlyCount "91"]
[EventDate "2019.10.15"]
[EventType "swiss"]
[EventCountry "RUS"]
[SourceTitle "playchess.com"]
[Source "ChessBase"]
[SourceQuality "1"]
[TimeControl "900+10"]

1. e4 {[%emt 0:00:00]} c5 {[%emt 0:00:00]} 2. Nf3 {[%emt 0:00:00]} d6 {[%emt 0:00:00]} 3. d4 {[%emt 0:00:04]} cxd4 {[%emt 0:00:00]} 4. Nxd4 {[%emt 0:00:02]} Nf6 $11 {[%emt 0:00:00]} 5. Nc3 {[%emt 0:00:33]} a6 {[%emt 0:00:00]} 6. Be3 {[%emt 0:00:49]} e5 {[%emt 0:00:00]} 7. Nf3 {[%emt 0:00:01]} Qc7 {[%emt 0:00:05]} 8. Bg5 {[%emt 0:00:13]} Nbd7 {[%emt 0:00:02]} 9. a4 {[%emt 0:00:05]} Be7 {[%emt 0:00:27]} 10. Nd2 {[%emt 0:00:11]} h6 {[%emt 0:00:35]} 11. Bh4 {[%emt 0:00:44]} b6 {[%emt 0:03:12]} 12. Bc4 {[%emt 0:00:26]} Bb7 {[%emt 0:00:07]} 13. Qe2 {[%emt 0:00:13]} O-O {[%emt 0:00:22]} 14. O-O {[%emt 0:00:05]} Rfe8 {[%emt 0:00:09]} 15. Rfd1 {[%emt 0:01:13]} Nc5 {[%emt 0:03:02]} 16. Bxf6 {[%emt 0:00:36]} Bxf6 {[%emt 0:00:02]} 17. Bd5 {[%emt 0:00:18]} Ne6 {[%emt 0:02:15]} 18. Bxb7 {[%emt 0:01:20]} Nd4 {[%emt 0:01:24]} 19. Qd3 {[%emt 0:00:18]} Qxb7 {[%emt 0:00:02]} 20. Nd5 {[%emt 0:00:02]} Be7 {[%emt 0:01:05]} 21. c3 {[%emt 0:01:02]} Ne6 {[%emt 0:00:01]} 22. g3 {[%emt 0:00:34]} b5 {[%emt 0:01:16]} 23. b4 {[%emt 0:00:50]} Rac8 {[%emt 0:00:25]} 24. Nf1 {[%emt 0:00:21]} Bg5 {[%emt 0:00:31]} 25. h4 {[%emt 0:00:03]} Bd8 {[%emt 0:00:02]} 26. Nfe3 {[%emt 0:01:08]} g6 {[%emt 0:00:10]} 27. Ra2 {[%emt 0:00:30]} Kg7 {[%emt 0:00:30]} 28. Rda1 {[%emt 0:00:15]} Nc7 {[%emt 0:01:12]} 29. axb5 {[%emt 0:01:21]} axb5 {[%emt 0:00:01]} 30. Ra7 {[%emt 0:01:17]} Qc6 {[%emt 0:00:05]} 31. Nxc7 {[%emt 0:00:46]} Rxc7 {[%emt 0:00:03]} 32. Rxc7 {[%emt 0:00:06]} Bxc7 {[%emt 0:00:07]} 33. Nd5 {[%emt 0:00:06]} Rb8 {[%emt 0:00:30]} 34. Ra7 {[%emt 0:00:39]} Bb6 {[%emt 0:00:20]} 35. Qf3 {[%emt 0:02:12]} Qe8 {[%emt 0:02:20]} 36. Qf6+ {[%emt 0:00:02]} Kg8 {[%emt 0:00:09]} 37. Ne7+ {[%emt 0:00:31]} Kh7 {[%emt 0:00:01]} 38. Nf5 {[%emt 0:00:13]} gxf5 {[%emt 0:00:09]} 39. Rxf7+ {[%emt 0:00:01]} Qxf7 {[%emt 0:00:01]} 40. Qxf7+ {[%emt 0:00:03]} Kh8 {[%emt 0:00:01]} 41. Qf6+ {[%emt 0:00:30]} Kg8 {[%emt 0:00:11]} 42. exf5 {[%emt 0:00:05]} Rf8 {[%emt 0:00:35]} 43. Qg6+ {[%emt 0:00:04]} Kh8 {[%emt 0:00:01]} 44. Qxh6+ {[%emt 0:00:01]} Kg8 {[%emt 0:00:01]} 45. Qg6+ {[%emt 0:00:24]} Kh8 {[%emt 0:00:01]} 46. f6 {[%emt 0:00:03]} 1-0

[Event "RUS-ch Women Rapid 2019"]
[Site "Sochi"]
[Date "2019.10.16"]
[Round "6.10"]
[White "Karavaeva, Olga"]
[Black "Gvanceladze, Anna"]
[Result "1-0"]
[WhiteElo "2260"]
[BlackElo "2270"]
[Annotator "NA"]
[PlyCount "113"]
[EventDate "2019.10.15"]
[EventType "swiss"]
[EventCountry "RUS"]
[SourceTitle "playchess.com"]
[Source "ChessBase"]
[SourceQuality "1"]
[TimeControl "900+10"]

1. c4 {[%emt 0:00:00]} c6 {[%emt 0:01:40]} 2. e4 {[%emt 0:00:00]} d5 {[%emt 0:00:08]} 3. exd5 {[%emt 0:00:00]} cxd5 {[%emt 0:00:01]} 4. d4 {[%emt 0:00:00]} Nf6 {[%emt 0:00:08]} 5. Nc3 {[%emt 0:00:00]} Nc6 {[%emt 0:00:44]} 6. Nf3 {[%emt 0:00:02]} Be6 {[%emt 0:01:20]} 7. c5 {[%emt 0:01:01]} g6 {[%emt 0:00:28]} 8. Bd3 {[%emt 0:00:21]} Bg7 {[%emt 0:00:08]} 9. O-O {[%emt 0:00:05]} O-O {[%emt 0:00:12]} 10. h3 {[%emt 0:00:42]} Bf5 {[%emt 0:04:00]} 11. a3 {[%emt 0:02:12]} Ne4 {[%emt 0:00:17]} 12. Be3 {[%emt 0:00:36]} b6 {[%emt 0:00:57]} 13. cxb6 {[%emt 0:00:29]} axb6 {[%emt 0:00:04]} 14. Rc1 {[%emt 0:00:20]} Na5 {[%emt 0:01:38]} 15. Re1 {[%emt 0:02:02]} Nxc3 {[%emt 0:00:20]} 16. Rxc3 {[%emt 0:00:08]} Bxd3 {[%emt 0:00:02]} 17. Qxd3 {[%emt 0:00:05]} Nc4 {[%emt 0:00:02]} 18. Bc1 {[%emt 0:00:34]} Qd6 {[%emt 0:00:25]} 19. g3 {[%emt 0:02:14]} e6 {[%emt 0:02:11]} 20. Re2 {[%emt 0:00:40]} Rac8 {[%emt 0:00:01]} 21. Rec2 {[%emt 0:01:51]} Qd7 {[%emt 0:00:58]} 22. Bf4 h6 23. h4 {[%emt 0:00:19]} h5 {[%emt 0:00:13]} 24. Kg2 {[%emt 0:00:15]} Rfe8 {[%emt 0:00:26]} 25. Ne5 {[%emt 0:02:23]} Nxe5 {[%emt 0:00:24]} 26. dxe5 {[%emt 0:00:29]} Qb7 {[%emt 0:00:38]} 27. Qb5 {[%emt 0:01:03]} d4+ {[%emt 0:01:04]} 28. Rc6 {[%emt 0:00:01]} d3 {[%emt 0:00:02]} 29. R2c3 {[%emt 0:00:01]} Red8 {[%emt 0:00:18]} 30. Kf1 {[%emt 0:01:48]} Rxc6 {[%emt 0:00:11]} 31. Qxc6 {[%emt 0:00:14]} Qxc6 {[%emt 0:00:07]} 32. Rxc6 {[%emt 0:00:01]} d2 {[%emt 0:00:11]} 33. Bxd2 {[%emt 0:00:19]} Rxd2 {[%emt 0:00:00]} 34. Rxb6 {[%emt 0:00:11]} Bxe5 {[%emt 0:00:01]} 35. b4 {[%emt 0:00:13]} Ra2 {[%emt 0:01:00]} 36. Ra6 {[%emt 0:00:10]} Kf8 {[%emt 0:00:18]} 37. b5 {[%emt 0:00:01]} Ke7 {[%emt 0:00:01]} 38. b6 {[%emt 0:00:03]} f5 {[%emt 0:00:22]} 39. a4 {[%emt 0:00:06]} Kd7 {[%emt 0:00:09]} 40. a5 {[%emt 0:00:09]} Rb2 {[%emt 0:00:10]} 41. Ra7+ {[%emt 0:00:12]} Kd6 {[%emt 0:00:04]} 42. b7 {[%emt 0:00:04]} Rxf2+ {[%emt 0:00:14]} 43. Ke1 {[%emt 0:00:10]} Rb2 {[%emt 0:00:01]} 44. a6 {[%emt 0:00:05]} Bxg3+ {[%emt 0:00:08]} 45. Kd1 {[%emt 0:00:01]} Kc7 {[%emt 0:00:11]} 46. Kc1 {[%emt 0:00:03]} Rb4 {[%emt 0:00:04]} 47. Kc2 {[%emt 0:00:01]} Bd6 {[%emt 0:00:13]} 48. Ra8 {[%emt 0:00:14]} Kd7 {[%emt 0:00:10]} 49. Rg8 {[%emt 0:00:21]} Ra4 {[%emt 0:00:08]} 50. Ra8 {[%emt 0:00:31]} f4 {[%emt 0:00:28]} 51. a7 {[%emt 0:00:04]} Rxa7 {[%emt 0:00:09]} 52. Rxa7 {[%emt 0:00:02]} Bb8 {[%emt 0:00:01]} 53. Ra6 {[%emt 0:00:08]} Be5 {[%emt 0:00:24]} 54. Kd3 {[%emt 0:00:05]} Bb8 {[%emt 0:00:09]} 55. Ke4 {[%emt 0:00:04]} Bc7 {[%emt 0:00:09]} 56. Ra8 {[%emt 0:00:05]} e5 {[%emt 0:00:07]} 57. b8=Q {[%emt 0:00:04]} 1-0

[Event "RUS-ch Women Rapid 2019"]
[Site "Sochi"]
[Date "2019.10.16"]
[Round "6.11"]
[White "Ivanova, Anastasia S."]
[Black "Bykova, Anastasia"]
[Result "0-1"]
[WhiteElo "1866"]
[BlackElo "2247"]
[Annotator "NA"]
[PlyCount "54"]
[EventDate "2019.10.15"]
[EventType "swiss"]
[EventCountry "RUS"]
[SourceTitle "playchess.com"]
[Source "ChessBase"]
[SourceQuality "1"]
[TimeControl "900+10"]

1. e4 {[%emt 0:00:00]} c6 {[%emt 0:00:00]} 2. d4 {[%emt 0:00:00]} d5 {[%emt 0:00:00]} 3. Nc3 {[%emt 0:00:00]} dxe4 {[%emt 0:00:00]} 4. Nxe4 {[%emt 0:00:00]} Bf5 {[%emt 0:00:00]} 5. Ng3 {[%emt 0:00:00]} Bg6 {[%emt 0:00:00]} 6. Nf3 {[%emt 0:00:00]} Nd7 {[%emt 0:00:00]} 7. Bd3 {[%emt 0:00:00]} Bxd3 {[%emt 0:00:01]} 8. Qxd3 $11 {[%emt 0:00:00]} Ngf6 {[%emt 0:00:17]} 9. O-O {[%emt 0:00:04]} e6 {[%emt 0:00:02]} 10. Bf4 {[%emt 0:00:20]} Be7 {[%emt 0:00:11]} 11. c4 {[%emt 0:00:02]} O-O {[%emt 0:00:09]} 12. Rfe1 {[%emt 0:00:34]} Re8 {[%emt 0:00:14]} 13. b3 {[%emt 0:00:41]} a5 {[%emt 0:00:05]} 14. Rad1 {[%emt 0:00:44]} a4 {[%emt 0:00:17]} 15. Rb1 {[%emt 0:00:22]} axb3 {[%emt 0:03:49]} 16. Rxb3 {[%emt 0:02:55]} Ra7 {[%emt 0:00:25]} 17. Reb1 {[%emt 0:02:19]} Qa8 {[%emt 0:00:01]} 18. Ne5 {[%emt 0:01:02]} Rd8 {[%emt 0:00:52]} 19. Qf3 {[%emt 0:02:08]} Nxe5 {[%emt 0:01:50]} 20. dxe5 {[%emt 0:00:50]} Nd7 {[%emt 0:00:05]} 21. Be3 {[%emt 0:02:12]} Rxa2 {[%emt 0:01:10]} 22. Rxb7 {[%emt 0:00:39]} Nxe5 {[%emt 0:00:02]} 23. Qe4 {[%emt 0:00:26]} Bf6 {[%emt 0:00:21]} 24. Bd4 {[%emt 0:01:05]} Ng6 {[%emt 0:03:43]} 25. Bxf6 {[%emt 0:01:09]} gxf6 {[%emt 0:00:02]} 26. Qxc6 {[%emt 0:00:34]} Ra1 {[%emt 0:00:45]} 27. Qb5 {[%emt 0:00:55]} Ne5 {[%emt 0:01:50]} 0-1

[Event "RUS-ch Women Rapid 2019"]
[Site "Sochi"]
[Date "2019.10.16"]
[Round "6.12"]
[White "Garifullina, Leya"]
[Black "Lysenko, Margarita"]
[Result "0-1"]
[WhiteElo "2330"]
[BlackElo "2243"]
[Annotator "NA"]
[PlyCount "134"]
[EventDate "2019.10.15"]
[EventType "swiss"]
[EventCountry "RUS"]
[SourceTitle "playchess.com"]
[Source "ChessBase"]
[SourceQuality "1"]
[TimeControl "900+10"]

1. e4 {[%emt 0:00:00]} c5 {[%emt 0:00:00]} 2. Nf3 {[%emt 0:00:00]} d6 {[%emt 0:00:00]} 3. d4 {[%emt 0:00:00]} cxd4 {[%emt 0:00:00]} 4. Nxd4 {[%emt 0:00:02]} Nf6 {[%emt 0:00:00]} 5. Nc3 {[%emt 0:00:02]} a6 {[%emt 0:00:02]} 6. h3 {[%emt 0:00:02]} e5 {[%emt 0:00:06]} 7. Nb3 {[%emt 0:00:04]} Be6 {[%emt 0:04:29]} 8. f4 {[%emt 0:00:06]} exf4 {[%emt 0:01:10]} 9. Bxf4 {[%emt 0:00:04]} Nc6 {[%emt 0:00:09]} 10. Qe2 {[%emt 0:00:05]} Ne5 {[%emt 0:03:19]} 11. O-O-O {[%emt 0:00:08]} Qc7 {[%emt 0:00:16]} 12. g4 {[%emt 0:00:18]} Be7 {[%emt 0:00:40]} 13. Nd4 {[%emt 0:01:15]} g6 {[%emt 0:03:26]} 14. Kb1 {[%emt 0:01:51]} Rc8 {[%emt 0:00:09]} 15. Bg2 {[%emt 0:00:11]} O-O {[%emt 0:00:18]} 16. Nd5 {[%emt 0:00:06]} Bxd5 {[%emt 0:00:08]} 17. exd5 {[%emt 0:00:02]} Rfe8 {[%emt 0:00:11]} 18. Nf3 {[%emt 0:00:44]} Nc4 {[%emt 0:00:17]} 19. Bc1 {[%emt 0:00:04]} Bf8 {[%emt 0:00:29]} 20. Qd3 {[%emt 0:00:04]} Bg7 {[%emt 0:00:11]} 21. Nd4 {[%emt 0:00:46]} Nd7 {[%emt 0:00:17]} 22. Qb3 {[%emt 0:02:01]} Na5 {[%emt 0:00:50]} 23. Qg3 {[%emt 0:00:17]} Bxd4 {[%emt 0:00:16]} 24. c3 {[%emt 0:00:13]} Bg7 {[%emt 0:00:10]} 25. h4 {[%emt 0:00:04]} Qb6 {[%emt 0:00:30]} 26. Ka1 {[%emt 0:00:03]} Nc4 {[%emt 0:00:31]} 27. h5 {[%emt 0:00:23]} Ne3 {[%emt 0:00:29]} 28. hxg6 {[%emt 0:00:59]} hxg6 {[%emt 0:00:07]} 29. Rd3 {[%emt 0:00:47]} Nxg2 {[%emt 0:00:21]} 30. Qxg2 {[%emt 0:00:02]} Ne5 {[%emt 0:00:01]} 31. Rdh3 {[%emt 0:00:03]} Qd8 {[%emt 0:00:58]} 32. Qh2 {[%emt 0:00:39]} Kf8 {[%emt 0:00:14]} 33. Rh7 {[%emt 0:00:16]} Nf3 {[%emt 0:00:12]} 34. Qh3 {[%emt 0:02:53]} Qf6 {[%emt 0:00:01]} 35. Rxg7 {[%emt 0:00:54]} Kxg7 {[%emt 0:00:21]} 36. g5 {[%emt 0:00:03]} Qe5 {[%emt 0:00:10]} 37. Qxf3 {[%emt 0:00:04]} Rh8 {[%emt 0:00:06]} 38. Rf1 {[%emt 0:00:01]} Qf5 {[%emt 0:00:13]} 39. Qg2 {[%emt 0:00:16]} Qd3 {[%emt 0:00:10]} 40. Qf2 {[%emt 0:00:05]} Qf5 {[%emt 0:00:08]} 41. Qg1 {[%emt 0:00:14]} Qxd5 {[%emt 0:00:05]} 42. Be3 {[%emt 0:00:02]} Kg8 {[%emt 0:00:07]} 43. Bd4 {[%emt 0:00:05]} Rh7 {[%emt 0:00:06]} 44. Re1 {[%emt 0:00:49]} b5 {[%emt 0:00:12]} 45. a3 {[%emt 0:00:05]} a5 {[%emt 0:00:02]} 46. Qg4 {[%emt 0:00:10]} Rf8 {[%emt 0:00:17]} 47. Bf6 {[%emt 0:00:42]} Qf5 {[%emt 0:00:24]} 48. Qd4 {[%emt 0:00:10]} Qc5 {[%emt 0:00:04]} 49. Qxc5 {[%emt 0:00:08]} dxc5 {[%emt 0:00:01]} 50. Re5 {[%emt 0:00:01]} Rc8 {[%emt 0:00:08]} 51. Re7 {[%emt 0:00:04]} b4 {[%emt 0:00:09]} 52. Ka2 {[%emt 0:00:01]} bxa3 {[%emt 0:00:14]} 53. Kxa3 {[%emt 0:00:01]} Rh1 {[%emt 0:00:12]} 54. Ka2 {[%emt 0:00:04]} c4 {[%emt 0:00:20]} 55. Ra7 {[%emt 0:00:07]} Rf1 {[%emt 0:00:06]} 56. Rxa5 {[%emt 0:00:17]} Rf5 {[%emt 0:00:05]} 57. Ra6 {[%emt 0:00:03]} Rb5 {[%emt 0:00:05]} 58. Ka1 {[%emt 0:00:49]} Rcb8 {[%emt 0:00:04]} 59. Ra2 {[%emt 0:00:02]} Rf5 {[%emt 0:00:11]} 60. Kb1 {[%emt 0:00:47]} Rf1+ {[%emt 0:00:03]} 61. Kc2 {[%emt 0:00:00]} Re8 {[%emt 0:00:02]} 62. Kd2 {[%emt 0:00:03]} Rf2+ {[%emt 0:00:34]} 63. Kd1 {[%emt 0:00:02]} Rg2 {[%emt 0:00:09]} 64. Ra4 {[%emt 0:00:06]} Rxb2 {[%emt 0:00:22]} 65. Rxc4 {[%emt 0:00:01]} Ra8 {[%emt 0:00:09]} 66. Kc1 {[%emt 0:00:42]} Rf2 {[%emt 0:00:11]} 67. Kb1 {[%emt 0:00:17]} Re8 {[%emt 0:00:03]} 0-1

[Event "RUS-ch Women Rapid 2019"]
[Site "Sochi"]
[Date "2019.10.16"]
[Round "7.1"]
[White "Voit, Daria"]
[Black "Pogonina, Natalija"]
[Result "1/2-1/2"]
[WhiteElo "2361"]
[BlackElo "2501"]
[Annotator "TA"]
[PlyCount "90"]
[EventDate "2019.10.15"]
[EventType "swiss"]
[EventCountry "RUS"]
[SourceTitle "playchess.com"]
[Source "ChessBase"]
[SourceQuality "1"]

{[%evp 18,90,9,0,12,0,7,0,0,10,13,-59,-45,-62,-24,-34,-30,-41,-25,-26,-26,-24,-40,-33,-20,-12,-14,-16,-4,-24,-28,-30,0,-9,0,-41,-47,-43,0,-50,0,-4,0,0,0,-16,-11,-21,-5,-23,-5,-2,0,0,0,0,0,0,0,-20,0,0,0,0,0,0,0,-4,0,0,0,0,0,-3,0]} 1. d4 d5 2. c4 e6 3. Nf3 Nf6 4. g3 Bb4+ 5. Bd2 Be7 6. Bg2 O-O 7. O-O Nbd7 8. Qc2 c6 9. Bf4 b6 {[%cal Bb7b6,Bb6b5][%mdl 32]} 10. Rd1 Ba6 {E08: Closed Catalan: Main Line: 7 Qc2} (10... Bb7 11. Ne5 Nh5 12. Bd2 Nhf6 13. cxd5 cxd5 14. Nc6 Qe8 15. Nxe7+ Qxe7 16. Nc3 Rfc8 17. Qd3 a5 18. Rac1 h6 19. Be1 {½-½ (29) Grischuk,A (2766)-Anand,V (2764) Paris 2019}) 11. Ne5 Rc8 12. Nc3 Bxc4 13. Nxc4 dxc4 {[#]} 14. Qa4 $146 (14. e4 $11) ({Predecessor:} 14. e4 b5 15. a4 a6 16. axb5 axb5 17. d5 cxd5 18. exd5 {½-½ (73) Can,E (2593)-Esipenko,A (2625) Abu Dhabi 2019}) 14... b5 $1 $15 {[%cal Rb5a4]} 15. Qxa7 Nd5 16. Nxd5 cxd5 17. e4 Nf6 18. exd5 Nxd5 19. Bxd5 exd5 20. Re1 Bd6 21. Bxd6 Qxd6 22. a3 h6 23. Qe7 Qc6 24. Qb4 Qb6 25. Rad1 Rfe8 26. Re7 Rxe7 27. Qxe7 {[%mdl 4096] Endgame KQR-KQR} Qe6 28. Qb7 c3 (28... Rc6 {is more complex.} 29. Rf1 Kh7 30. Qb8 Ra6 31. Qf4 Kg6) 29. bxc3 Rxc3 30. Qxb5 Rxa3 31. Qb8+ Kh7 32. Qb1+ Qg6 33. Qb2 Rf3 34. Qe2 {The position is equal.} Rf6 35. Kg2 Re6 36. Qf3 Re4 37. Qb3 Qf5 38. Qf3 Qe6 39. Qd3 {[#] aiming for f3.} g6 40. Ra1 Qf6 41. Ra7 Kg7 42. Ra4 Qb6 43. Qc3 Re2 44. Qf3 Re4 45. Qc3 h5 {Accuracy: White = 68%, Black = 44%.} 1/2-1/2